|
|
|
|
| LEADER |
00594cam a2200169 7i4500 |
| 001 |
0000037550 |
| 005 |
20170704090000.0 |
| 020 |
0 |
0 |
|a 0851746705
|
| 090 |
0 |
0 |
|a VK 371
|b .W7 1999
|
| 100 |
1 |
0 |
|a Wright, C.H,
|
| 245 |
1 |
4 |
|a The collision regulations as amended 1995 :
|b the navigator's guide to the "Rule of the Road"
|c by C.H. Wright.
|
| 250 |
0 |
0 |
|a 3rd ed..
|
| 260 |
0 |
0 |
|a Glasgow:
|b Brown, Son & Ferguson, Ltd,
|c 1999.
|
| 300 |
|
|
|a x, 73 p.:
|b ill. (some col.);
|c 21 cm..
|
| 650 |
0 |
0 |
|a Collisions at sea --
|x Prevention
|
| 650 |
0 |
0 |
|a Rule of the road at sea
|
| 999 |
|
|
|a 1100025817
|b Book
|c Rujukan
|e KOLEKSI RUJUKAN
|